Kriminalistické skúmanie papierov bakalárska práca CD

Guardado en:
Detalles Bibliográficos
Autor principal: Deszatová, Tímea
Formato: Software Libro
Lenguaje:eslovaco
Publicado: Bratislava STU FCHPT 2013
Acceso en línea:Ver en el OPAC
Etiquetas: Agregar Etiqueta
Sin Etiquetas, Sea el primero en etiquetar este registro!

MARC

LEADER 00000nam a2200000 a 4500
005 20260127134004.0
007 co ugu
008 131204 2013 000 0 slo d
035 |a vtls010562675 
039 9 |y 201312041159  |z mschk03 
040 |a STUSCHK1  |b slo  |c STUSCHK1  |e AACR2 
100 1 |a Deszatová, Tímea 
245 1 |a Kriminalistické skúmanie papierov  |b bakalárska práca CD  |c Tímea Deszatová 
260 |a Bratislava  |b STU FCHPT  |c 2013 
300 |a 1 optický disk 
500 |a Obhájené: júl 2013 
500 |a Štud. program: Chémia a medicínska chémia 
500 |a Štud. odbor: Chémia, chemické technológie 
500 |a Škol. pracovisko: Odd. chemickej technológie dreva, celulózy a papiera 
500 |a Evid. číslo:FCHPT-5427-68519 
910 |a SCHK95 
999 |c 1601  |d 1601